000 00666nam a2200217Ii 4500
003 JO-AjNU
008 230606s9999||||xx |||||||||||||| ||und||
020 _a0-521-34864-1
040 _aJO-AjNU
_beng
_erda
_cJO-AjNU
041 _aeng
050 1 4 _aPE1128.A2.d58 1989
100 3 _aDoff,Adrian تاليف,
_eauthor
_91543
245 0 0 _aTeach English:A training Course for teachers
250 _a1 ed
264 3 1 _aNew York:Cambridge University Press,1989
300 _a286p
336 _atext
_btxt
_2rdacontent
337 _aunmediated
_bn
_2rdamedia
338 _avolume
_bnc
_2rdacarrier
650 4 _aTeach English-A training Course for teachers-English
_91544
999 _aE811
_c811
_d811